| 000 | 00647nam a2200205 a 4500 | ||
|---|---|---|---|
| 005 | 20210223124210.0 | ||
| 008 | 010619s1990 es r 000 0 spa d | ||
| 020 | _a8420657034 | ||
| 035 | _aUPN01000108607 | ||
| 049 | _aCG | ||
| 050 | 4 |
_aGV706 _bG3.3 |
|
| 100 | 1 |
_aGarcía Ferrando, Manuel, _d1942- _930629 |
|
| 245 | 1 | 0 |
_aAspectos sociales del deporte : _buna reflexión sociológica / _cManuel García Ferrando. |
| 260 |
_aMadrid : _bAlianza : _bConsejo Superior de Deporte, _c1990. |
||
| 300 | _a323 p. | ||
| 440 | 0 | _aAlianza deporte | |
| 650 | 4 |
_aDEPORTES - _zESPAÑA _913258 |
|
| 650 | 4 |
_aEDUCACION FISICA - _zESPAÑA _917826 |
|
| 905 | _aLibro | ||
| 999 |
_c82519 _d82519 |
||